[Event "4th EUR-ch"]
[Site "Istanbul TUR"]
[Date "2003.06.07"]
[Round "8.31"]
[White "Gurevich, Mikhail"]
[Black "Stefansson, Hannes Hlifar"]
[Result "1/2-1/2"]
[WhiteElo "2635"]
[BlackElo "2565"]
[EventDate "2003.05.30"]
[PlyCount "61"]

1.d4 d5 2.c4 c6 3.e3 Nf6 4.Bd3 e5 5.Nc3 exd4 6.exd4 Be6 7.c5 b6 8.cxb6 
axb6 9.Nf3 Be7 10.O-O Bg4 11.h3 Bh5 12.Re1 O-O 13.Bf4 Nbd7 14.Rc1 b5 15.
Nxb5 Bb4 16.Nc3 Qb6 17.g4 Bg6 18.a3 Bxc3 19.Rxc3 Ne4 20.Rb3 Qa7 21.Bxe4 
dxe4 22.Nh4 Rfe8 23.Rbe3 Qb6 24.Nxg6 hxg6 25.Qc2 Rac8 26.Rxe4 Rxe4 27.Rxe4
Nf6 28.Re1 Qxd4 29.Be5 Qd5 30.Qc3 Ne8 31.Bd4 1/2-1/2

[Event "4th EUR-ch"]
[Site "Istanbul TUR"]
[Date "2003.06.07"]
[Round "8.32"]
[White "Vaisser, Anatoli"]
[Black "Tiviakov, Sergei"]
[Result "1/2-1/2"]
[WhiteElo "2563"]
[BlackElo "2623"]
[EventDate "2003.05.30"]
[PlyCount "30"]

1.d4 Nf6 2.c4 e6 3.Nc3 Bb4 4.Qc2 O-O 5.a3 Bxc3+ 6.Qxc3 b6 7.Bg5 Bb7 8.f3 
h6 9.Bh4 d5 10.e3 Nbd7 11.cxd5 Nxd5 12.Bxd8 Nxc3 13.Bh4 Nd5 14.Bf2 f5 15.
Bc4 a5 1/2-1/2

[Event "4th EUR-ch"]
[Site "Istanbul TUR"]
[Date "2003.06.07"]
[Round "8.34"]
[White "Baklan, Volodymyr"]
[Black "Savchenko, Stanislav"]
[Result "1/2-1/2"]
[WhiteElo "2607"]
[BlackElo "2559"]
[EventDate "2003.05.30"]
[PlyCount "23"]

1.e4 c6 2.d4 d5 3.e5 Bf5 4.Nf3 e6 5.Be2 Nd7 6.O-O Bg6 7.c3 Nh6 8.Bxh6 gxh6
9.Nbd2 f6 10.c4 Bg7 11.cxd5 exd5 12.Qb3 1/2-1/2

[Event "4th EUR-ch"]
[Site "Istanbul TUR"]
[Date "2003.06.07"]
[Round "8.36"]
[White "Zelcic, Robert"]
[Black "Dolmatov, Sergei"]
[Result "0-1"]
[WhiteElo "2540"]
[BlackElo "2606"]
[EventDate "2003.05.30"]
[PlyCount "31"]

1.e4 e6 2.d4 d5 3.Nc3 Bb4 4.e5 Ne7 5.a3 Bxc3+ 6.bxc3 c5 7.Qg4 O-O 8.Bd3 f5
9.exf6 Rxf6 10.Qh5 h6 11.Nf3 c4 12.Be2 Nbc6 13.Be3 Bd7 14.g4 Qa5 15.Bd2 
Ng6 16.g5 0-1

[Event "4th EUR-ch"]
[Site "Istanbul TUR"]
[Date "2003.06.07"]
[Round "8.38"]
[White "Fedorov, Alexei"]
[Black "Belov, Vladimir"]
[Result "1-0"]
[WhiteElo "2604"]
[BlackElo "2549"]
[EventDate "2003.05.30"]
[PlyCount "65"]

1.e4 c6 2.d4 d5 3.e5 Bf5 4.Nc3 e6 5.g4 Bg6 6.Nge2 c5 7.h4 h5 8.Nf4 Bh7 9.
Nxh5 cxd4 10.Nb5 Nc6 11.Nxd4 Nge7 12.Bg5 Qa5+ 13.c3 Nxd4 14.Qxd4 Nc6 15.
Qf4 d4 16.Rh3 dxc3 17.bxc3 Rc8 18.Rd1 Bg6 19.Bg2 Rxh5 20.Bxc6+ bxc6 21.Qd4
Qc7 22.gxh5 Bxh5 23.Rd2 Rb8 24.Kf1 Bg6 25.h5 Bf5 26.Rh4 Bh7 27.Kg2 a5 28.
h6 gxh6 29.Bf6 Bg6 30.Rh1 h5 31.Rhd1 Be7 32.f3 Rd8 33.Qxd8+ 1-0

[Event "4th EUR-ch"]
[Site "Istanbul TUR"]
[Date "2003.06.07"]
[Round "8.39"]
[White "Kozul, Zdenko"]
[Black "Kulaots, Kaido"]
[Result "1/2-1/2"]
[WhiteElo "2601"]
[BlackElo "2514"]
[EventDate "2003.05.30"]
[PlyCount "65"]

1.d4 Nf6 2.c4 c6 3.Nc3 d5 4.e3 a6 5.Bd3 dxc4 6.Bxc4 e6 7.a3 b5 8.Be2 c5 9.
Nf3 Bb7 10.O-O Be7 11.Qc2 Nbd7 12.Rd1 Qb8 13.e4 cxd4 14.Nxd4 Bd6 15.g3 O-O
16.f3 Rd8 17.Be3 Be7 18.Rac1 Ne5 19.b4 Rc8 20.Bf4 Rd8 21.Nb3 Rxd1+ 22.Nxd1
Nh5 23.Be3 Nc4 24.Bc5 Qd8 25.Ne3 Nxa3 26.Qd1 Qc7 27.Bxe7 Qxe7 28.Nc5 Bc6 
29.Ra1 Nc4 30.Bxc4 bxc4 31.Nxc4 Bb5 32.Ne3 Qg5 33.Kf2 1/2-1/2

[Event "4th EUR-ch"]
[Site "Istanbul TUR"]
[Date "2003.06.07"]
[Round "8.40"]
[White "Gdanski, Jacek"]
[Black "Asrian, Karen"]
[Result "0-1"]
[WhiteElo "2506"]
[BlackElo "2596"]
[EventDate "2003.05.30"]
[PlyCount "62"]

1.e4 c6 2.d4 d5 3.exd5 cxd5 4.c4 Nf6 5.Nc3 e6 6.Nf3 Nc6 7.c5 Be7 8.Bb5 O-O
9.O-O Bd7 10.Bg5 h6 11.Bh4 Ne4 12.Bxc6 Nxc3 13.Bxe7 Qxe7 14.Qc2 bxc6 15.
Qxc3 Rfb8 16.Rfe1 Be8 17.Ne5 f6 18.Nd3 Bf7 19.Re2 Qc7 20.Rae1 Re8 21.f4 
Rab8 22.h3 a5 23.b3 Ra8 24.Qd2 Qb7 25.Nb2 Qb5 26.Na4 Rad8 27.Nb6 Kh8 28.a4
Qa6 29.Re3 Qa7 30.Qa2 Bg6 31.Qf2 Be4 0-1

[Event "4th EUR-ch"]
[Site "Istanbul TUR"]
[Date "2003.06.07"]
[Round "8.44"]
[White "Neverov, Valeriy"]
[Black "Comas i Fabrego, Lluis"]
[Result "1-0"]
[WhiteElo "2583"]
[BlackElo "2490"]
[EventDate "2003.05.30"]
[PlyCount "125"]

1.d4 Nf6 2.c4 g6 3.Nf3 Bg7 4.g3 c5 5.d5 b5 6.cxb5 a6 7.bxa6 Bxa6 8.Nc3 d6 
9.Bg2 Nbd7 10.Rb1 Nb6 11.b3 Ra7 12.O-O Qa8 13.Bb2 O-O 14.Ne1 Ne8 15.Qd2 
Nc7 16.Nd3 Nd7 17.Rfd1 Rb8 18.Ne1 Rbb7 19.Nc2 Qf8 20.h3 Rb8 21.Kh2 h6 22.
Ne3 Kh7 23.Rdc1 Nb6 24.Ncd1 Rab7 25.Bxg7 Qxg7 26.Nb2 Qd4 27.Qxd4 cxd4 28.
Nc2 Nb5 29.Ra1 Rc7 30.a4 Rbc8 31.axb5 Bxb5 32.Nc4 Bxc4 33.bxc4 Rxc4 34.
Rcb1 Rxc2 35.Rxb6 Rxe2 36.Raa6 d3 37.Bf3 d2 38.Rb1 Re5 39.Kg2 Rc3 40.Rd1 
Rc2 41.Ra4 Re1 42.Rd4 Rxd1 43.Bxd1 Ra2 44.Kf3 Kg7 45.Ke3 h5 46.h4 Kf6 47.
Rf4+ Kg7 48.Ke2 Ra5 49.Bb3 Rb5 50.Rf3 Ra5 51.Kxd2 Ra1 52.Bc4 Kf8 53.Kc3 
Rc1+ 54.Kb4 Kg7 55.Bb5 Kf8 56.Bd7 Rb1+ 57.Kc3 Ra1 58.Kb2 Rf1 59.Be6 f5 60.
Kc2 Kg7 61.Kd2 Rh1 62.Ke2 Ra1 63.Rf4 1-0

[Event "4th EUR-ch"]
[Site "Istanbul TUR"]
[Date "2003.06.07"]
[Round "8.45"]
[White "Shneider, Alexander"]
[Black "Gagunashvili, Merab"]
[Result "0-1"]
[WhiteElo "2497"]
[BlackElo "2580"]
[EventDate "2003.05.30"]
[PlyCount "94"]

1.d4 d6 2.Nf3 Bg4 3.c4 Nd7 4.Nc3 Bxf3 5.exf3 g6 6.Be2 Bg7 7.O-O c6 8.Be3 
Ngf6 9.g4 O-O 10.f4 Nb6 11.f5 gxf5 12.gxf5 Qd7 13.Qc2 Kh8 14.Kh1 c5 15.
dxc5 Qc6+ 16.f3 dxc5 17.Rad1 Rad8 18.b3 Nc8 19.Ne4 b6 20.Nxf6 Qxf6 21.Bd3 
Bh6 22.Bf2 Nd6 23.Bg3 Be3 24.Rde1 Bd4 25.Re2 Rg8 26.Rfe1 Rd7 27.Rf1 Rg7 
28.Rfe1 Qh6 29.Rg2 Ne8 30.Be4 Nf6 31.Bb8 Rd8 32.Rxg7 Qxg7 33.Bg3 Rg8 34.
Re2 Qh6 35.Rg2 Nh5 36.Bc7 Rc8 37.Bg3 Rd8 38.Be1 Be5 39.Rd2 Rg8 40.Rg2 Rxg2
41.Qxg2 Nf4 42.Bd2 Qd6 43.Bxf4 Bxf4 44.Bd5 Qf6 45.Qf2 Qa1+ 46.Qg1 Qf6 47.
Qb1 Be3 0-1

[Event "4th EUR-ch"]
[Site "Istanbul TUR"]
[Date "2003.06.07"]
[Round "8.49"]
[White "Brynell, Stellan"]
[Black "Volkov, Sergei"]
[Result "0-1"]
[WhiteElo "2534"]
[BlackElo "2634"]
[EventDate "2003.05.30"]
[PlyCount "138"]

1.e4 e6 2.d4 d5 3.Nd2 c5 4.exd5 Qxd5 5.Ngf3 cxd4 6.Bc4 Qd6 7.O-O Nf6 8.Nb3
Nc6 9.Nbxd4 Nxd4 10.Qxd4 Bd7 11.Bf4 Qxd4 12.Nxd4 Rc8 13.Bb3 Ne4 14.Rfe1 
Nc5 15.Nf5 f6 16.Nd6+ Bxd6 17.Bxd6 Nxb3 18.axb3 Rxc2 19.Rxa7 Bc8 20.Raa1 
Rc6 21.Rac1 Kd7 22.Bf4 e5 23.Be3 Ke6 24.Rxc6+ bxc6 25.Ra1 g5 26.b4 h5 27.
Kf1 g4 28.f3 Kf5 29.Kf2 h4 30.Bc5 Rg8 31.g3 gxf3 32.Kxf3 Kg5 33.Ke3 Kg4 
34.Be7 f5 35.Bxh4 f4+ 36.Kf2 Rf8 37.Ke1 Kf3 38.Be7 Re8 39.Bd6 Kg2 40.b3 
Kf3 41.Ra7 Re6 42.Bc5 Rh6 43.gxf4 exf4 44.Rf7 Ba6 45.Bb6 Re6+ 46.Kd2 Rd6+ 
47.Ke1 Rd3 48.Bc7 Rd4 49.h4 Bd3 50.Rf8 Bc2 51.Rd8 Rxb4 52.h5 Rxb3 53.Kd2 
Bf5 54.h6 Rb7 55.Be5 Re7 56.Bf6 Re6 57.Bg7 Re2+ 58.Kc3 Rc2+ 59.Kb3 Kg4 60.
Be5 Re2 61.Bd4 f3 62.Rf8 f2 63.Rxf5 Kxf5 64.h7 f1=Q 65.h8=Q Qb1+ 66.Kc4 
Rc2+ 67.Bc3 Qb5+ 68.Kd4 Qd5+ 69.Ke3 Qe4# 0-1

[Event "4th EUR-ch"]
[Site "Istanbul TUR"]
[Date "2003.06.07"]
[Round "8.51"]
[White "Pelletier, Yannick"]
[Black "Halkias, Stelios"]
[Result "1/2-1/2"]
[WhiteElo "2623"]
[BlackElo "2542"]
[EventDate "2003.05.30"]
[PlyCount "34"]

1.c4 e6 2.Nc3 d5 3.d4 c5 4.cxd5 exd5 5.Nf3 Nc6 6.g3 Nf6 7.Bg2 Be7 8.O-O 
O-O 9.Bg5 c4 10.Ne5 Be6 11.b3 Rc8 12.bxc4 dxc4 13.Nxc6 bxc6 14.Qd2 Bb4 15.
Rac1 h6 16.Bxf6 Qxf6 17.Rfd1 Rfd8 1/2-1/2

[Event "4th EUR-ch"]
[Site "Istanbul TUR"]
[Date "2003.06.07"]
[Round "8.54"]
[White "Kacheishvili, Giorgi"]
[Black "Guliev, Sarhan"]
[Result "1-0"]
[WhiteElo "2592"]
[BlackElo "2524"]
[EventDate "2003.05.30"]
[PlyCount "65"]

1.d4 f5 2.Bg5 c6 3.Nc3 g6 4.e4 fxe4 5.Nxe4 Nf6 6.Nd2 Bg7 7.Ngf3 Na6 8.c3 
Nc7 9.Bc4 b6 10.O-O Ba6 11.Bxa6 Nxa6 12.Re1 Nc7 13.Ne5 O-O 14.Ne4 Ne6 15.
Bh4 Nd5 16.c4 Ndf4 17.Nc3 Rf5 18.Nf3 g5 19.Bg3 Qf8 20.Re3 Ng6 21.d5 cxd5 
22.cxd5 Nef4 23.Nd4 Bxd4 24.Qxd4 Qf7 25.Rd1 h5 26.f3 Rf8 27.Bxf4 Nxf4 28.
Re5 Nxg2 29.Kxg2 Rxe5 30.Qxe5 Qxf3+ 31.Kg1 Rf4 32.Qxg5+ Kf7 33.Qxf4+ 1-0

[Event "4th EUR-ch"]
[Site "Istanbul TUR"]
[Date "2003.06.07"]
[Round "8.57"]
[White "Hracek, Zbynek"]
[Black "Reinderman, Dimitri"]
[Result "1-0"]
[WhiteElo "2584"]
[BlackElo "2516"]
[EventDate "2003.05.30"]
[PlyCount "127"]

1.e4 c5 2.Nf3 Nc6 3.c3 d5 4.exd5 Qxd5 5.d4 Bg4 6.Be2 e6 7.h3 Bh5 8.c4 Qd6 
9.d5 Bxf3 10.Bxf3 Nd4 11.O-O e5 12.Be3 Nf6 13.Nc3 Be7 14.Bxd4 exd4 15.Nb5 
Qd7 16.d6 Bxd6 17.Bxb7 Rb8 18.Qf3 O-O 19.Bc6 Qd8 20.Nxa7 Rxb2 21.Nb5 Bb8 
22.a4 Qa5 23.Qf5 Rb4 24.Qxc5 Rd8 25.Bd5 Nxd5 26.cxd5 Rxa4 27.Rxa4 Qxa4 28.
Nxd4 Ba7 29.Qc7 Qd7 30.Qxd7 Rxd7 31.Nc6 Bc5 32.Rb1 Bd6 33.Kf1 f5 34.Ke2 
Kf7 35.Kd3 Kf6 36.Kc4 Kg5 37.Re1 Rc7 38.Re6 Ba3 39.g3 g6 40.Re8 Kh5 41.Kd4
Rb7 42.Re3 Bd6 43.Re6 Ba3 44.Ne5 Rb1 45.Nd3 g5 46.Ra6 Bf8 47.d6 Bg7+ 48.
Kc4 Rb8 49.d7 Rd8 50.Rd6 f4 51.Nc5 Bf8 52.Rd3 fxg3 53.fxg3 Be7 54.Ne6 Ra8 
55.g4+ Kg6 56.d8=Q Bxd8 57.Rxd8 Ra4+ 58.Kd5 Ra3 59.Rd6 Kf6 60.Nd4+ Kf7 61.
Rh6 Kg8 62.Nf5 Ra8 63.Ke6 Ra6+ 64.Ke5 1-0

[Event "4th EUR-ch"]
[Site "Istanbul TUR"]
[Date "2003.06.07"]
[Round "8.59"]
[White "Izoria, Zviad"]
[Black "Kupreichik, Viktor"]
[Result "0-1"]
[WhiteElo "2569"]
[BlackElo "2484"]
[EventDate "2003.05.30"]
[PlyCount "46"]

1.d4 d5 2.c4 c6 3.Nf3 dxc4 4.e3 Be6 5.Nc3 b5 6.a4 b4 7.Ne4 Nf6 8.Nc5 Bd5 
9.Ne5 e6 10.f3 Bxc5 11.dxc5 Nfd7 12.Nxd7 Nxd7 13.e4 Bxe4 14.fxe4 Qh4+ 15.
Ke2 Ne5 16.Qd2 Nd3 17.Qe3 Qe1+ 18.Kf3 Ne5+ 19.Kf4 Qh4+ 20.Kxe5 Qf6+ 21.Kd6
e5+ 22.Kc7 Qd8+ 23.Kxc6 Qd7# 0-1

[Event "4th EUR-ch"]
[Site "Istanbul TUR"]
[Date "2003.06.07"]
[Round "8.60"]
[White "Palo, Davor"]
[Black "Nevednichy, Vladislav"]
[Result "1/2-1/2"]
[WhiteElo "2472"]
[BlackElo "2569"]
[EventDate "2003.05.30"]
[PlyCount "94"]

1.d4 g6 2.c4 Bg7 3.e4 d6 4.Nf3 Nf6 5.Nc3 O-O 6.Be2 e5 7.O-O Nc6 8.d5 Ne7 
9.b4 Nh5 10.Re1 c6 11.a4 f5 12.c5 Kh8 13.dxc6 Nxc6 14.Bg5 Qe8 15.cxd6 h6 
16.Be3 Nf6 17.b5 Na5 18.Bc5 Bd7 19.Bb4 b6 20.Bd3 fxe4 21.Bxe4 Rc8 22.Qd3 
Nxe4 23.Nxe4 Qf7 24.Rac1 Nb3 25.Rc7 Nd4 26.Rec1 Rcd8 27.Rxa7 Bxb5 28.Rxf7 
Bxd3 29.Rxf8+ Bxf8 30.Nxd4 exd4 31.Nf6 Kg7 32.Rd1 Kxf6 33.Rxd3 Bxd6 34.
Rxd4 Bxh2+ 35.Kxh2 Rxd4 36.Bc3 Ke5 37.f4+ Ke4 38.Bxd4 Kxd4 39.g4 Kd5 40.
Kg2 Kd4 41.Kf2 Kd5 42.Kg2 Ke6 43.Kf3 Kf6 44.Kg3 Ke6 45.Kf3 h5 46.f5+ Kf6 
47.fxg6 hxg4+ 1/2-1/2

[Event "4th EUR-ch"]
[Site "Istanbul TUR"]
[Date "2003.06.07"]
[Round "8.62"]
[White "Hug, Werner"]
[Black "Hulak, Krunoslav"]
[Result "1/2-1/2"]
[WhiteElo "2453"]
[BlackElo "2563"]
[EventDate "2003.05.30"]
[PlyCount "42"]

1.d4 Nf6 2.Nf3 e6 3.Bg5 h6 4.Bh4 d6 5.c3 Nbd7 6.Nbd2 g5 7.Bg3 Nh5 8.e4 Bg7
9.Bd3 Qe7 10.Qe2 a6 11.Nb3 e5 12.Nfd2 Nxg3 13.hxg3 exd4 14.Nxd4 Ne5 15.Bc2
c5 16.N4f3 Nc6 17.Nc4 Be6 18.Nb6 Rd8 19.Bb3 Na5 20.Nd5 Qd7 21.Nb6 Qe7 
1/2-1/2

[Event "4th EUR-ch"]
[Site "Istanbul TUR"]
[Date "2003.06.07"]
[Round "8.63"]
[White "Nijboer, Friso"]
[Black "Bartel, Mateusz"]
[Result "1/2-1/2"]
[WhiteElo "2562"]
[BlackElo "2443"]
[EventDate "2003.05.30"]
[PlyCount "36"]

1.e4 c6 2.d4 d5 3.e5 Bf5 4.Nf3 e6 5.Be2 Nd7 6.O-O Bg6 7.Nbd2 Nh6 8.a3 Be7 
9.b3 O-O 10.c4 f6 11.Bb2 a5 12.exf6 gxf6 13.Re1 Qc7 14.Rc1 Nf5 15.Kf1 Rae8
16.Bd3 Qf4 17.g3 Qh6 18.Bc3 Qh3+ 1/2-1/2

[Event "4th EUR-ch"]
[Site "Istanbul TUR"]
[Date "2003.06.07"]
[Round "8.64"]
[White "Erdogdu, Mert"]
[Black "Nataf, Igor-Alexandre"]
[Result "0-1"]
[WhiteElo "2303"]
[BlackElo "2559"]
[EventDate "2003.05.30"]
[PlyCount "61"]

1.e4 c5 2.Nf3 Nc6 3.d4 cxd4 4.Nxd4 e5 5.Nb5 d6 6.N1c3 Nf6 7.Bg5 a6 8.Na3 
b5 9.Bxf6 gxf6 10.Nd5 f5 11.c3 Bg7 12.exf5 Bxf5 13.Nc2 Be6 14.g3 O-O 15.
Bg2 a5 16.O-O f5 17.Nce3 Kh8 18.Qh5 Rb8 19.g4 Bf7 20.Qh3 fxg4 21.Qxg4 Bh6 
22.Kh1 Qg5 23.Qd7 Be8 24.Qxd6 Rd8 25.Qc5 Qh5 26.a4 b4 27.Qc4 Bd7 28.Be4 
Ne7 29.Qc7 Nxd5 30.Nxd5 Bf5 31.f3 0-1

[Event "4th EUR-ch"]
[Site "Istanbul TUR"]
[Date "2003.06.07"]
[Round "8.65"]
[White "Minasian, Artashes"]
[Black "Kilicaslan, Hasan"]
[Result "1-0"]
[WhiteElo "2555"]
[BlackElo "2260"]
[EventDate "2003.05.30"]
[PlyCount "83"]

1.e4 e5 2.Bc4 Nf6 3.d3 Bc5 4.Nf3 d6 5.c3 O-O 6.Bg5 Be6 7.Nbd2 c6 8.Bxe6 
fxe6 9.d4 exd4 10.cxd4 Bb4 11.Qb3 Bxd2+ 12.Nxd2 Qd7 13.O-O Na6 14.Rad1 d5 
15.e5 Nh5 16.g3 c5 17.dxc5 Nxc5 18.Qa3 Na6 19.Be7 Rf7 20.Bd6 Nc7 21.Qe3 
Ne8 22.Ba3 Qa4 23.Nb3 g6 24.Rd4 Qa6 25.Nc5 Qc6 26.Rc1 Rc8 27.b3 Rfc7 28.g4
Nhg7 29.Rf4 Qb5 30.Qf3 h6 31.Rf8+ Kh7 32.Qe3 b6 33.h4 g5 34.hxg5 Rxc5 35.
Bxc5 Rxc5 36.Rxc5 Qxc5 37.Qd3+ Nf5 38.Rxe8 Qc1+ 39.Kg2 Qxg5 40.Rxe6 Qxg4+ 
41.Kf1 Kg7 42.Rf6 1-0

[Event "4th EUR-ch"]
[Site "Istanbul TUR"]
[Date "2003.06.07"]
[Round "8.66"]
[White "Spasov, Vasil"]
[Black "Zaja, Ivan"]
[Result "1/2-1/2"]
[WhiteElo "2555"]
[BlackElo "2417"]
[EventDate "2003.05.30"]
[PlyCount "112"]

1.e4 d6 2.d4 Nf6 3.Nc3 g6 4.f4 Bg7 5.e5 dxe5 6.dxe5 Qxd1+ 7.Kxd1 Ng4 8.Nd5
Kd8 9.Ke1 c6 10.Nc3 h5 11.Nf3 Bf5 12.Nd4 Kc7 13.Nxf5 gxf5 14.Be2 h4 15.h3 
Nh6 16.Be3 Nd7 17.Kf2 e6 18.Rad1 f6 19.exf6 Bxf6 20.Rd3 Nb6 21.Rhd1 Rad8 
22.Rxd8 Rxd8 23.Rxd8 Kxd8 24.Bd3 Kc7 25.Bd2 Kd6 26.b3 Nd7 27.b4 a6 28.a4 
b5 29.a5 c5 30.Nd1 Bd4+ 31.Kf1 cxb4 32.Bxb4+ Nc5 33.c4 Kc6 34.cxb5+ axb5 
35.Be2 Ne4 36.Bf3 Ng8 37.Be1 Nf6 38.Bxh4 Nd5 39.Bf2 Nxf2 40.Nxf2 b4 41.Nd3
b3 42.g4 b2 43.Nxb2 Bxb2 44.gxf5 exf5 45.a6 Bd4 46.Ke2 Kd6 47.Bxd5 Kxd5 
48.Kd3 Bf2 49.h4 Ke6 50.Kc4 Kf6 51.Kd5 Bg1 52.Kd6 Be3 53.Kd7 Kf7 54.h5 Bf2
55.Kd6 Kf6 56.h6 Kg6 1/2-1/2

[Event "4th EUR-ch"]
[Site "Istanbul TUR"]
[Date "2003.06.07"]
[Round "8.67"]
[White "Marcelin, Cyril"]
[Black "Istratescu, Andrei"]
[Result "1/2-1/2"]
[WhiteElo "2503"]
[BlackElo "2593"]
[EventDate "2003.05.30"]
[PlyCount "74"]

1.d4 Nf6 2.c4 e6 3.Nc3 Bb4 4.Qc2 d5 5.cxd5 exd5 6.Bg5 c5 7.dxc5 h6 8.Bxf6 
Qxf6 9.e3 O-O 10.a3 Bf5 11.Qb3 Bxc3+ 12.Qxc3 Qxc3+ 13.bxc3 Nd7 14.Nf3 Rfc8
15.Nd4 Bg6 16.c4 dxc4 17.Bxc4 Rxc5 18.Be2 Ne5 19.Kd2 Nc6 20.Rhc1 Nxd4 21.
exd4 Rd5 22.Rc4 Rad8 23.Kc3 b5 24.Rc7 Rxd4 25.Bxb5 Rd2 26.Rxa7 Rxf2 27.Re1
Rc2+ 28.Kb3 Rxg2 29.Re2 Rxe2 30.Bxe2 Rd2 31.Bc4 Rxh2 32.a4 Rf2 33.a5 Be4 
34.Re7 Bg2 35.a6 Kf8 36.Rd7 Rf3+ 37.Ka4 Rf4 1/2-1/2

[Event "4th EUR-ch"]
[Site "Istanbul TUR"]
[Date "2003.06.07"]
[Round "8.68"]
[White "Grigoriants, Sergei"]
[Black "Vajda, Levente"]
[Result "0-1"]
[WhiteElo "2506"]
[BlackElo "2592"]
[EventDate "2003.05.30"]
[PlyCount "64"]

1.e4 g6 2.d4 Bg7 3.Nc3 d6 4.Nf3 Nf6 5.Bf4 c6 6.Qd2 Bg4 7.Be2 Nbd7 8.O-O-O 
h6 9.e5 dxe5 10.Nxe5 Be6 11.Rhe1 Nxe5 12.Bxe5 Qa5 13.a3 O-O 14.Bd3 Rad8 
15.Kb1 Nd5 16.Bxg6 Bxe5 17.Qxh6 Nxc3+ 18.bxc3 fxg6 19.Qxg6+ Bg7 20.Qxe6+ 
Rf7 21.Rd3 Qb5+ 22.Ka1 Qd5 23.f3 Qa5 24.Ka2 Qd5+ 25.Ka1 b5 26.Rde3 c5 27.
Qxd5 Rxd5 28.Rxe7 cxd4 29.Rxf7 Kxf7 30.Rd1 Rc5 31.Rd2 Rxc3 32.Ka2 Ke6 0-1

[Event "4th EUR-ch"]
[Site "Istanbul TUR"]
[Date "2003.06.07"]
[Round "8.70"]
[White "Socko, Bartosz"]
[Black "Vesterbaek Pedersen, Nicolai"]
[Result "1/2-1/2"]
[WhiteElo "2577"]
[BlackElo "2508"]
[EventDate "2003.05.30"]
[PlyCount "67"]

1.e4 e5 2.Nf3 Nc6 3.Bb5 Nf6 4.O-O Nxe4 5.d4 Nd6 6.Bxc6 dxc6 7.dxe5 Nf5 8.
Qxd8+ Kxd8 9.Nc3 Bd7 10.Rd1 Kc8 11.Ng5 Be8 12.b3 b6 13.Bb2 Be7 14.Nge4 Kb7
15.Rd3 Rd8 16.Rxd8 Bxd8 17.Rd1 Be7 18.f4 h5 19.Kf2 Kc8 20.Ne2 Bd7 21.Nd4 
Nxd4 22.Rxd4 a5 23.Kf3 Bg4+ 24.Ke3 Bf5 25.h3 Rh6 26.Kf3 Rg6 27.Ng3 Bxc2 
28.Nxh5 Bb1 29.Bc1 c5 30.Rd2 Bf8 31.g4 Rc6 32.Rb2 Bd3 33.Be3 c4 34.bxc4 
1/2-1/2

[Event "4th EUR-ch"]
[Site "Istanbul TUR"]
[Date "2003.06.07"]
[Round "8.71"]
[White "Jobava, Baadur"]
[Black "Sulypa, Olexandr"]
[Result "1/2-1/2"]
[WhiteElo "2566"]
[BlackElo "2492"]
[EventDate "2003.05.30"]
[PlyCount "21"]

1.e4 e5 2.Nf3 Nf6 3.d4 Nxe4 4.dxe5 d5 5.Nbd2 Nxd2 6.Bxd2 h6 7.Bd3 c5 8.O-O
Nc6 9.Re1 Be6 10.c3 Be7 11.Qc2 1/2-1/2

[Event "4th EUR-ch"]
[Site "Istanbul TUR"]
[Date "2003.06.07"]
[Round "8.73"]
[White "Shomoev, Anton"]
[Black "Sanduleac, Vasile"]
[Result "0-1"]
[WhiteElo "2558"]
[BlackElo "2492"]
[EventDate "2003.05.30"]
[PlyCount "97"]

1.e4 g6 2.d4 Bg7 3.Nc3 c6 4.f4 Qb6 5.Nf3 d5 6.e5 Bg4 7.Be2 Nh6 8.Na4 Qa5+ 
9.c3 Bxf3 10.Bxf3 Nd7 11.b4 Qc7 12.O-O a5 13.Be3 Nf5 14.Bf2 h5 15.Nc5 axb4
16.Nxd7 Kxd7 17.cxb4 Ra3 18.b5 e6 19.bxc6+ bxc6 20.Qd2 Qa5 21.Qb2 Rc8 22.
Bd1 Qc3 23.Rb1 Qxb2 24.Rxb2 Bf8 25.Rb7+ Rc7 26.Rxc7+ Kxc7 27.Bb3 Bb4 28.
Rd1 Ra8 29.Kf1 Rb8 30.Ke2 Ba3 31.g3 Be7 32.Rc1 Kd7 33.Kd3 Bd8 34.Ba4 Rb6 
35.h3 g5 36.fxg5 Bxg5 37.Rc2 Ra6 38.Bb3 Ra8 39.Be1 Be3 40.Bc3 Rg8 41.Rg2 
c5 42.dxc5 Bxc5 43.Be1 Bb6 44.Ba4+ Kd8 45.g4 hxg4 46.Rxg4 Rh8 47.h4 Bc7 
48.Bc3 Kc8 49.Rf4 0-1

[Event "4th EUR-ch"]
[Site "Istanbul TUR"]
[Date "2003.06.07"]
[Round "8.74"]
[White "Del Rio Angelis, Salvador Gabriel"]
[Black "Conquest, Stuart"]
[Result "0-1"]
[WhiteElo "2490"]
[BlackElo "2556"]
[EventDate "2003.05.30"]
[PlyCount "108"]

1.e4 Nf6 2.e5 Nd5 3.d4 d6 4.Nf3 dxe5 5.Nxe5 c6 6.Bd3 Nd7 7.Nf3 N7f6 8.h3 
Nb4 9.Bc4 Bf5 10.Ne5 e6 11.Na3 Bd6 12.O-O h6 13.c3 Nbd5 14.Nc2 Qc7 15.Bd3 
Bxe5 16.dxe5 Bxd3 17.Qxd3 Qxe5 18.Re1 Qc7 19.c4 Ne7 20.b3 O-O 21.Qf3 Nd7 
22.Bb2 Ng6 23.g3 Rad8 24.Qc3 e5 25.h4 f6 26.Qe3 a6 27.Ba3 Rfe8 28.Qe4 Ndf8
29.Bc5 Ne6 30.Be3 Ngf8 31.Qg4 Kh8 32.Qh5 Kg8 33.Qg4 Qf7 34.Bb6 Rd2 35.Ne3 
h5 36.Qe4 Nd7 37.Ba5 Ndc5 38.Qf3 Rd3 39.Qg2 Qg6 40.b4 Ne4 41.b5 axb5 42.
cxb5 Nd4 43.bxc6 Nxc6 44.Bb6 Nd2 45.Kh1 e4 46.Qh3 Nf3 47.Red1 Nce5 48.Qf5 
Qxf5 49.Nxf5 Nc4 50.Bc5 Re5 51.Ne7+ Kf7 52.Bb4 Rxe7 53.Bxe7 Kxe7 54.Rdc1 
Rd2 0-1

[Event "4th EUR-ch"]
[Site "Istanbul TUR"]
[Date "2003.06.07"]
[Round "8.75"]
[White "Dvoirys, Semen"]
[Black "Genov, Petar"]
[Result "1-0"]
[WhiteElo "2552"]
[BlackElo "2490"]
[EventDate "2003.05.30"]
[PlyCount "30"]

1.e4 c5 2.Nf3 d6 3.d4 cxd4 4.Nxd4 Nf6 5.Nc3 a6 6.Be2 e6 7.O-O Qc7 8.f4 
Nbd7 9.a4 b6 10.Bf3 Bb7 11.Qe1 Rc8 12.h3 Ba8 13.Qg3 g6 14.e5 Bxf3 15.Nxf3 
Nh5 1-0

[Event "4th EUR-ch"]
[Site "Istanbul TUR"]
[Date "2003.06.07"]
[Round "8.76"]
[White "Rotsagov, Mihhail"]
[Black "Areschenko, Alexander"]
[Result "0-1"]
[WhiteElo "2487"]
[BlackElo "2546"]
[EventDate "2003.05.30"]
[PlyCount "74"]

1.e4 c5 2.Nf3 d6 3.d4 cxd4 4.Nxd4 Nf6 5.Nc3 a6 6.Be3 e5 7.Nb3 Be6 8.f3 h5 
9.Nd5 Bxd5 10.exd5 Nbd7 11.c4 Qc7 12.Bd3 g6 13.O-O Bg7 14.Nd2 O-O 15.Ne4 
b6 16.Nc3 Nh7 17.Rc1 f5 18.b4 Nhf6 19.h3 Kh7 20.Qd2 Qd8 21.Bg5 Qe8 22.Rce1
Kh8 23.a3 Nh7 24.Be3 Qe7 25.Na4 Rfb8 26.Nc3 Bf6 27.g3 Re8 28.Kg2 Qd8 29.
Rc1 Ng5 30.f4 Nf7 31.Be2 Qe7 32.Rfe1 Kg7 33.h4 exf4 34.Bxf4 Be5 35.Bxe5+ 
Nfxe5 36.Qd4 Rf8 37.Rf1 Kh7 0-1

[Event "4th EUR-ch"]
[Site "Istanbul TUR"]
[Date "2003.06.07"]
[Round "8.77"]
[White "Mastrovasilis, Dimitrios"]
[Black "Sturua, Zurab"]
[Result "0-1"]
[WhiteElo "2456"]
[BlackElo "2545"]
[EventDate "2003.05.30"]
[PlyCount "58"]

1.e4 e5 2.Nf3 Nc6 3.d4 exd4 4.c3 d5 5.exd5 Qxd5 6.cxd4 Bg4 7.Be2 Bb4+ 8.
Nc3 Bxf3 9.Bxf3 Qc4 10.Qb3 Qxb3 11.axb3 Nge7 12.O-O a6 13.Be3 O-O-O 14.
Rfd1 Kb8 15.g3 Rhe8 16.d5 Ne5 17.Bg2 Nf5 18.Bf4 Bc5 19.Ra4 Bb6 20.Bh3 Nd6 
21.Kg2 h6 22.Bc1 f5 23.Kf1 Re7 24.Rh4 Rde8 25.Rh5 g5 26.f4 Nd3 27.Bd2 g4 
28.Bg2 Be3 29.Ke2 Nxb2 0-1

[Event "4th EUR-ch"]
[Site "Istanbul TUR"]
[Date "2003.06.07"]
[Round "8.78"]
[White "Banikas, Hristos"]
[Black "Arlandi, Ennio"]
[Result "0-1"]
[WhiteElo "2542"]
[BlackElo "2456"]
[EventDate "2003.05.30"]
[PlyCount "110"]

1.d4 d5 2.c4 c6 3.Nf3 Nf6 4.e3 a6 5.Nc3 b5 6.b3 Bg4 7.Be2 e6 8.h3 Bh5 9.
O-O Nbd7 10.Bb2 Bd6 11.Ne5 Bxe2 12.Nxe2 Qc7 13.cxd5 cxd5 14.Rc1 Qb8 15.f4 
O-O 16.Rc6 Rc8 17.Qc2 Nb6 18.Rc1 Rxc6 19.Qxc6 Ra7 20.Bc3 Ba3 21.Rc2 Rc7 
22.Bb4 Rxc6 23.Nxc6 Qe8 24.Bxa3 h5 25.Ne7+ Kh7 26.Rc6 Nfd7 27.Kh2 Qd8 28.
Ng1 a5 29.Nf3 f6 30.Bd6 a4 31.Bb4 axb3 32.axb3 Nb8 33.Rxe6 Nc8 34.Nxc8 
Qxc8 35.f5 Nc6 36.Bc5 Nd8 37.Rd6 Nf7 38.Re6 Nh6 39.e4 dxe4 40.Rxe4 Nxf5 
41.b4 Qb8+ 42.Kg1 Qa8 43.Re1 h4 44.Kf2 Qd5 45.Ra1 g5 46.Ra7+ Kg6 47.Ra6 
Qe4 48.Kg1 Qb1+ 49.Kh2 Ng3 50.Ng1 Qe4 51.Nf3 Qb1 52.Ng1 Nf1+ 53.Kh1 Qe1 
54.Bd6 Ne3 55.Be5 Qd2 0-1

[Event "4th EUR-ch"]
[Site "Istanbul TUR"]
[Date "2003.06.07"]
[Round "8.79"]
[White "Dervishi, Erald"]
[Black "Zueger, Beat"]
[Result "1-0"]
[WhiteElo "2535"]
[BlackElo "2448"]
[EventDate "2003.05.30"]
[PlyCount "117"]

1.e4 e6 2.d4 d5 3.Nd2 c5 4.exd5 Qxd5 5.Ngf3 cxd4 6.Bc4 Qd6 7.O-O Nf6 8.Nb3
Nc6 9.Nbxd4 Nxd4 10.Nxd4 Bd7 11.c3 Qc7 12.Qe2 Bd6 13.h3 Bh2+ 14.Kh1 Bf4 
15.Bb5 Bxc1 16.Raxc1 O-O 17.Bxd7 Qxd7 18.Rcd1 a6 19.Rd2 Rfd8 20.Rfd1 Qc7 
21.Kg1 h6 22.Rd3 Kf8 23.Qc2 Rd7 24.Nf3 Rad8 25.Rxd7 Rxd7 26.Rxd7 Nxd7 27.
Qd3 g6 28.Qd4 e5 29.Qb4+ Ke8 30.a4 Nc5 31.Qc4 e4 32.Nd2 Qc6 33.a5 f5 34.
Qg8+ Ke7 35.Qg7+ Kd8 36.Qf8+ Kc7 37.Qg7+ Kb8 38.Qxh6 Nd3 39.Qh8+ Kc7 40.b4
Qd6 41.Qg7+ Kb8 42.Qh8+ Kc7 43.Nb3 Ne5 44.Nd4 Nc6 45.Qg7+ Kb8 46.Nxc6+ 
Qxc6 47.Qe5+ Kc8 48.h4 Kd7 49.h5 gxh5 50.Qxf5+ Kc7 51.Qxh5 Qxc3 52.Qc5+ 
Qxc5 53.bxc5 Kc6 54.g4 Kxc5 55.Kf1 Kd4 56.Ke2 Kd5 57.Ke3 Ke5 58.g5 Kf5 59.
g6 1-0